Statistics for How Many Cities Can You Name? (2024 May)

Click here to take the quiz!

General Stats

  • This quiz has been taken 19 times
  • The average score is 9 of 20

Answer Stats

Answer% Correct
Moscow
88%
Venice
76%
Budapest
71%
Calgary
71%
Jerusalem
71%
Prague
65%
Taipei
59%
Kyoto
53%
Mexico City
53%
Osaka
47%
Mumbai
41%
Xi'an
41%
Denver
29%
Manila
29%
Yerevan
18%
Accra
12%
Dunedin
12%
Ha Long Bay
12%
Panama City
6%
Zurich
6%

Score Distribution

Percentile by Number Answered

Percent of People with Each Score

Your Score History

You have not taken this quiz